LEADER 00770nam a2200217 i 4500 001 000000069427 003 CaOOAMICUS 005 20250924122331.0 008 990623s1998 it u000 u ita u 013 $a40599 020 $a88-8402-263-0 040 $aSeMil$bita 245 10$aCronologia e bibliografia della letteratura mediolatina. 300 $aXVI, 911 p., [32] p. di tav. 773 0 $tMedioevo latino.$gVolume5$w()1171 850 $aSeMil 852 $aSeMil$W1$xVenegono$y1$mSL1.C IV 13$j35580$B35580$CSeMilBibl$Z2$F35583 $8I 961 $aAcquisto: Casa editrice 996 $6020$a88-8402-263-0$9(OLS)http://semarc/number/47925 996 $6245$aCronologia e bibliografia della letteratura mediolatina$9(OLS)http://semarc/title/111141 LEADER 00470nab a2200145 i 4500 001 000000270919 003 CaOOAMICUS 005 20090428000000.0 008 090428n xx uu u0 0und r 013 $a17876 040 $aSeMil$bita 245 10$a[SENZA TITOLO]. - Contiene :$bSummaries [in inglese]. 500 $aMaart 2009. 773 0 $t[2009].$dLeuven : Peeters, 2009.$w()179064 996 $6245$a[SENZA TITOLO]. - Contiene :$bSummaries [in inglese].$9(OLS)http://semarc/title/354988